Logos that Start with U - Statistics

General Stats
  • This quiz has been taken 32 times
  • The average score is 6 of 16
Answer Stats
Picture Answer % Correct
United Parcel Service
84%
Under Armour
81%
UNICEF
77%
Umbro
68%
Unilever
58%
United States Postal Service
52%
Ubisoft
45%
Uniqlo
42%
Uber
32%
Unity
26%
United Healthcare
23%
Ubuntu
16%
United Rentals
13%
Unasur
10%
Unilabs
10%
Union Bank of India
10%
No matching quizzes found
Score Distribution
Percent of People with Each Score
Percentile by Number Answered
Your Score History
You have not taken this quiz